Felipe II y Francia (1559-1598) : (Record n. 6497)

Dettagli MARC
000 -LEADER
fixed length control field 01135nam a2200301 i 4500
003 - CONTROL NUMBER IDENTIFIER
control field IT-RoINE
005 - DATE AND TIME OF LATEST TRANSACTION
control field 20230417140601.0
008 - FIXED-LENGTH DATA ELEMENTS--GENERAL INFORMATION
fixed length control field 050201s2004 sp |r 001|| spa|d
020 ## - INTERNATIONAL STANDARD BOOK NUMBER
International Standard Book Number 8431321709
040 ## - CATALOGING SOURCE
Original cataloging agency SpMaUCDE
Modifying agency IT-RoINE
Transcribing agency IT-RoINE
100 1# - MAIN ENTRY--PERSONAL NAME
Personal name Vázquez de Prada, Valentín
9 (RLIN) 14071
245 10 - TITLE STATEMENT
Title Felipe II y Francia (1559-1598) :
Remainder of title política, religión y razón de Estado /
Statement of responsibility, etc Valentín Vázquez de Prada ; [préface de Pierre Chaunu]
260 ## - PUBLICATION, DISTRIBUTION, ETC. (IMPRINT)
Place of publication, distribution, etc Pamplona :
Name of publisher, distributor, etc EUNSA,
Date of publication, distribution, etc 2004.
300 ## - PHYSICAL DESCRIPTION
Extent XXII, 517 p. ;
Dimensions 24 cm.
336 ## - CONTENT TYPE
Source rdacontent
Content type term text
337 ## - MEDIA TYPE
Source rdamedia
Media type term unmediated
338 ## - CARRIER TYPE
Source rdacarrier
Carrier type term volume
490 1# - SERIES STATEMENT
Series statement Colección histórica
500 ## - GENERAL NOTE
General note Incluye índice.
504 ## - BIBLIOGRAPHY, ETC. NOTE
Bibliography, etc Incluye bibliografía.
600 00 - SUBJECT ADDED ENTRY--PERSONAL NAME
Personal name Felipe
Numeration II,
Titles and other words associated with a name Rey de España,
Dates associated with a name 1527-1598
9 (RLIN) 9965
651 #4 - SUBJECT ADDED ENTRY--GEOGRAPHIC NAME
Geographic name España
General subdivision Historia
Chronological subdivision 1556-1598 (Felipe II)
9 (RLIN) 7549
651 #4 - SUBJECT ADDED ENTRY--GEOGRAPHIC NAME
Geographic name España
General subdivision Relaciones
Geographic subdivision Francia
Chronological subdivision Siglo 16o.
9 (RLIN) 14072
651 #4 - SUBJECT ADDED ENTRY--GEOGRAPHIC NAME
Geographic name Francia
General subdivision Relaciones
Geographic subdivision España
Chronological subdivision Siglo 16o.
9 (RLIN) 14073
651 #4 - SUBJECT ADDED ENTRY--GEOGRAPHIC NAME
9 (RLIN) 9971
Geographic name España
General subdivision Política y gobierno
Chronological subdivision 1556-1598
830 #0 - SERIES ADDED ENTRY--UNIFORM TITLE
Uniform title Colección histórica (Universidad de Navarra)
9 (RLIN) 13605
942 ## - ADDED ENTRY ELEMENTS (KOHA)
Item type Monografías
Dati di copia
Withdrawn status Lost status Damaged status Not for loan Home library Current library Date acquired Inventory number Total Checkouts Full call number Barcode Date last seen Price effective from Koha item type
        Iglesia Nacional Española en Roma Iglesia Nacional Española en Roma 10/11/2014 R07/192   HIS.ESP.3. 526 7987 10/11/2014 10/11/2014 Monografías